00307nam a22000857a 4500008004100000082001700041245009300058260006000151300001000211230606b xxu||||| |||| 00| 0 eng d a337.167bEAC aReport of the Committee on Fast Tracking East African FederationcEast African Community aArusha, TanzaniabEast African CommunitycNovember 2004 a378 p